| 000 | 00732nam a2200229 i 4500 | ||
|---|---|---|---|
| 001 | 8463 | ||
| 003 | ES-MaACL | ||
| 005 | 20250718062529.0 | ||
| 007 | t| | ||
| 008 | 920618s1992 sp |||| | spa d | ||
| 020 | _a84-604-2323-9 | ||
| 080 | _a17 | ||
| 100 | 1 |
_aSuárez Rodríguez, José Luis, _d1931-2020 _9108655 |
|
| 245 | 1 | 0 |
_aElogio de la simplicidad / _cJosé Luis Suárez Rodríguez ; [prólogo de José Luis L. Aranguren]. |
| 260 |
_aMadrid : _bAPIS, _c1992. |
||
| 300 |
_a109 p. ; _c22 cm. |
||
| 504 | _aBibliografía: p. 109. | ||
| 650 | 1 | 7 |
_aÉtica _2embne _912577 |
| 700 | 1 |
_aAranguren, José Luis L., _d1909-1996 _922315 |
|
| 852 |
_aES-MaACL _jL-15795 _z. - Dedicatoria autógrafa del autor |
||
| 999 |
_c8463 _d8463 |
||